[Event "11th American Continental Women 2018"]
[Site "Envigado"]
[Date "2018.11.18"]
[Round "2.14"]
[White "Zapata, Olga Maria"]
[Black "Barria Baker, Raisa Melissa"]
[Result "1/2-1/2"]
[WhiteElo "1695"]
[BlackElo "1941"]
[Annotator "NA RC"]
[PlyCount "86"]
[EventDate "2018.11.17"]
[EventType "swiss"]
[EventRounds "9"]
[EventCountry "COL"]
[SourceTitle "playchess.com"]
[Source "ChessBase"]
[SourceQuality "1"]
[TimeControl "40/5400+30:1800+30"]

1. d4 d5 2. Nf3 Nf6 3. Bf4 c6 4. e3 Qb6 5. b3 Bf5 6. Bd3 Bxd3 7. Qxd3 Nbd7 8. h3 e6 9. O-O Be7 10. Nbd2 O-O 11. c4 a5 12. c5 Qd8 13. Rac1 b6 14. cxb6 Qxb6 15. Ne5 Nxe5 16. Bxe5 Nd7 17. Bg3 Rac8 18. Nf3 Ba3 19. Rc2 Nb8 20. Ne5 f6 21. Nf3 Na6 22. Qe2 Rfe8 23. Rd1 c5 24. dxc5 Nxc5 25. Nd4 Ne4 26. Rxc8 Rxc8 27. Qf3 Bb2 28. Qg4 Bxd4 29. Rxd4 Rc2 30. a4 Rc3 31. Rd1 Rxb3 32. Rc1 Rb1 33. Rxb1 Qxb1+ 34. Kh2 Qb6 35. Qe2 Nc5 36. Qc2 h6 37. f3 Kf7 38. Bf2 Qb4 39. h4 Qc4 40. Qb1 Qxa4 41. Qb6 Qb4 42. Qc7+ Kg8 43. h5 Kh7 1/2-1/2

[Event "11th American Continental Women 2018"]
[Site "Envigado"]
[Date "2018.11.18"]
[Round "2.16"]
[White "Caballero Marrugo, Maria Jose"]
[Black "Prado, Alexandra"]
[Result "0-1"]
[WhiteElo "1338"]
[BlackElo "1873"]
[Annotator "NA RC"]
[PlyCount "132"]
[EventDate "2018.11.17"]
[EventType "swiss"]
[EventRounds "9"]
[EventCountry "COL"]
[SourceTitle "playchess.com"]
[Source "ChessBase"]
[SourceQuality "1"]
[TimeControl "40/5400+30:1800+30"]

1. e4 c5 2. Nf3 Nc6 3. d4 cxd4 4. Nxd4 Nf6 5. Nc3 e5 6. Nf3 Bb4 7. Bd3 d5 8. exd5 Nxd5 9. Bd2 Nxc3 10. bxc3 Bc5 11. O-O h6 12. Re1 Qf6 13. Be3 Bxe3 14. Rxe3 O-O 15. Bb5 Bg4 16. h3 Rad8 17. Qe2 Bxf3 18. Rxf3 Qd6 19. Bxc6 bxc6 20. Rd3 Qe6 21. Qe3 a5 22. a4 Rd5 23. c4 Rxd3 24. cxd3 Qd6 25. Rd1 Rb8 26. d4 exd4 27. Qxd4 Qxd4 28. Rxd4 Rb4 29. Rd8+ Kh7 30. c5 Rc4 31. Rd7 Rc1+ 32. Kh2 f6 33. g4 Rxc5 34. Ra7 Kg6 35. f4 f5 36. Kg3 Rc3+ 37. Kh4 Rc5 38. Ra6 Kf6 39. Kg3 Rc3+ 40. Kg2 Rc5 41. Kg3 g5 42. fxg5+ hxg5 43. gxf5 Kxf5 44. Kf3 Ke5 45. Kg4 Kf6 46. Kf3 Kf5 47. Kg3 Kg6 48. Kg4 Kh6 49. Kf3 Kh5 50. Kg3 Kh6 51. Kg4 Rc4+ 52. Kg3 Rxa4 53. Rxc6+ Kh5 54. Rc3 Rb4 55. Rd3 a4 56. Kg2 Rb2+ 57. Kf1 Rb3 58. Rd4 a3 59. Ra4 Rxh3 60. Ra5 Kh4 61. Ra4+ g4 62. Kg2 Rb3 63. Kf1 Rb1+ 64. Ke2 Rb2+ 65. Kd1 a2 66. Kc1 Rb1+ 0-1

[Event "11th American Continental Women 2018"]
[Site "Envigado"]
[Date "2018.11.18"]
[Round "3.1"]
[White "Rivera, Ingris"]
[Black "Llaudy Pupo, Lisandra"]
[Result "1/2-1/2"]
[WhiteElo "2188"]
[BlackElo "2302"]
[Annotator "TA"]
[PlyCount "121"]
[EventDate "2018.11.17"]
[EventType "swiss"]
[EventRounds "9"]
[EventCountry "COL"]
[SourceTitle "playchess.com"]
[Source "ChessBase"]
[SourceQuality "1"]

{[%evp 17,121,58,64,22,42,32,75,46,52,60,69,52,63,61,70,22,64,37,47,0,0,0,12,0,31,0,6,0,0,-10,0,0,-13,-8,-17,-37,-34,-36,-19,-73,-75,-104,-104,-129,-131,-138,-137,-130,-115,-117,-119,-140,-99,-127,-120,-123,-104,-143,-143,-143,-143,-160,-162,-172,-170,-163,-173,-167,-162,-158,-166,-168,-153,-161,-143,-147,-144,-173,-170,-175,-163,-169,-169,-197,-183,-193,-64,-119,0,0,-7,-21,-22,-18,0,0,0,0,0,0,0,0,0,0,0,0]} 1. d4 Nf6 2. c4 e6 3. g3 Bb4+ 4. Bd2 Qe7 5. Bg2 Nc6 6. e3 d5 {E00: Catalan Bogo-Indian (3 g3 Bb4+)} (6... O-O 7. Ne2 d5 8. O-O dxc4 9. Qc2 Bd6 10. Qxc4 e5 11. d5 Nb8 12. Nbc3 a6 13. a4 Re8 14. e4 {0-1 (64) Socko,B (2593)-Wang,Y (2690) Riadh 2017}) 7. a3 Bxd2+ 8. Nxd2 O-O 9. Ne2 Rd8 {LiveBook: 4 Games} 10. Nc3 Rb8 $146 ({Predecessor:} 10... dxc4 11. f4 {0-1 (63) Lonnee,G (1722)-Thys,H (1880) ICCF email 2013}) 11. O-O a6 12. Qe2 dxc4 13. Nxc4 Bd7 14. Rfc1 Be8 15. b4 Nd5 16. Nd2 {[%cal Bc4d2,Bd2e4,Be4c5][%mdl 32]} Na7 17. Nde4 Nb5 18. Nxb5 axb5 19. Nc5 c6 20. Qb2 Nb6 21. Bf1 Ra8 22. Be2 Ra7 23. Rc3 e5 24. dxe5 Qxe5 25. f4 Qf6 26. Rc2 Qxb2 27. Rxb2 Nc4 28. Rb3 (28. Bxc4 $1 $11 {remains equal.} bxc4 29. a4) 28... b6 $17 29. Nd3 Nxe3 30. Ne5 Nf5 $36 {[%mdl 2048] Black has strong initiative.} 31. Kf2 f6 32. Nf3 Bf7 33. Rc3 Bd5 34. Rd1 Rad7 35. Rdc1 Nd6 {...Ne4+ is the strong threat.} 36. Nd2 Ra7 37. Bf3 Bxf3 38. Rxf3 Nf5 39. Nb1 Ne7 40. Re3 Kf7 41. Rec3 Rad7 42. Ke2 Rd4 43. R1c2 h5 44. Nd2 R4d5 45. Nf3 Re8 46. Kf2 Rc8 47. Nd2 c5 48. bxc5 bxc5 49. Ne4 {[%cal Rc3c5]} c4 50. Rb2 Nf5 51. Rc1 Nd4 (51... h4 $19 {White must now prevent ...hxg3+.} 52. g4 Nd6 53. Nxd6+ Rxd6) 52. Nc3 {[#]} ({White should try} 52. Rd2 $1 $15) 52... Rdc5 (52... Nb3 $1 $17 {[%cal Rb3c1]} 53. Nxd5 Nxc1) 53. Rd1 $11 {The position is equal.} Nf5 54. Rd7+ Kg6 55. h3 Ra8 56. Rxb5 Rxb5 57. Nxb5 Ra5 58. Rb7 {[#]} c3 $1 {[%mdl 512]} 59. Nxc3 Rxa3 60. Ne2 Nd6 61. Re7 {Accuracy: White = 44%, Black = 57%.} 1/2-1/2

[Event "11th American Continental Women 2018"]
[Site "Envigado"]
[Date "2018.11.18"]
[Round "3.2"]
[White "Arribas Robaina, Maritza"]
[Black "Cervantes Landeiro, Thalia"]
[Result "0-1"]
[WhiteElo "2257"]
[BlackElo "2098"]
[Annotator "TA"]
[PlyCount "56"]
[EventDate "2018.11.17"]
[EventType "swiss"]
[EventRounds "9"]
[EventCountry "COL"]
[SourceTitle "playchess.com"]
[Source "ChessBase"]
[SourceQuality "1"]

{[%evp 11,56,22,25,12,29,14,15,8,47,38,56,36,29,-271,-271,-268,-270,-281,-283,-277,-273,-268,-266,-296,-289,-288,-283,-280,-283,-320,-320,-416,-285,-431,-434,-401,-396,-956,-926,-940,-960,-892,-639,-639,-636,-625,-625]} 1. e4 e5 2. Nf3 Nc6 3. Bc4 Bc5 4. d3 Nf6 5. c3 a6 6. O-O O-O {LiveBook: 104 Games. C54: Giuoco Piano: 4 c3 Nf6, main lines with 5 d4 and 5 d3} (6... d6 7. a4 h6 8. Re1 Ba7 9. Nbd2 O-O 10. h3 Re8 11. b4 Be6 12. Bxe6 Rxe6 13. Qc2 Qd7 14. Nf1 Rd8 15. b5 Ne7 {½-½ (30) Bacrot,E (2678)-Nguyen,N (2620) Batumi 2018}) 7. Bg5 Be7 8. Nbd2 d6 {The position is equal.} 9. Bb3 Kh8 $146 ({Predecessor:} 9... h6 10. Bxf6 Bxf6 11. h3 Ne7 12. Nc4 Ng6 13. Ne3 c6 14. Nh2 {½-½ (56) Thjomoe,H (1896)-Ralphs,N (2058) Hersonissos 2017}) 10. Nc4 Nh5 11. Bxe7 Qxe7 12. Nfxe5 $2 {[%mdl 8192]} (12. Ne3 $11 {and White stays safe.}) 12... Nxe5 $19 13. Nxe5 Qxe5 14. d4 Qg5 ({Weaker is} 14... Qxe4 15. Qxh5 Bg4 16. Qa5 $14) 15. Kh1 Bg4 16. f3 Be6 17. g3 Qh6 18. Kg1 Bh3 19. Rf2 Rae8 20. Re2 Qg6 {[#] And now ...Nxg3! would win.} 21. Kh1 Bd7 22. Qe1 (22. Qf1 $142) 22... f5 {[%cal Bf7f5,Bf5f4,Bf4g3][%mdl 32]} 23. e5 dxe5 24. dxe5 $2 (24. Rxe5 f4 25. g4) 24... Bc6 {Black is clearly winning.} 25. Qf2 f4 26. Bc2 fxg3 27. Bxg6 gxf2 {[%cal Rc6f3]} 28. Bxh5 {[#]} Rxf3 $1 {[%mdl 512] Accuracy: White = 37%, Black = 70%.} 0-1

[Event "11th American Continental Women 2018"]
[Site "Envigado"]
[Date "2018.11.18"]
[Round "3.3"]
[White "Ortiz Verdesoto, Anahi"]
[Black "Marrero Lopez, Yaniet"]
[Result "1-0"]
[WhiteElo "2115"]
[BlackElo "2253"]
[Annotator "TA"]
[PlyCount "127"]
[EventDate "2018.11.17"]
[EventType "swiss"]
[EventRounds "9"]
[EventCountry "COL"]
[SourceTitle "playchess.com"]
[Source "ChessBase"]
[SourceQuality "1"]

{[%evp 11,127,3,20,1,15,15,24,0,0,0,23,-4,9,0,0,0,35,-13,0,0,39,45,34,12,16,-8,-13,-14,0,0,159,157,154,150,142,97,104,98,116,110,108,101,120,127,156,162,184,144,155,111,151,141,308,319,444,460,541,378,389,285,271,244,385,378,378,370,509,470,441,384,369,359,1229,1062,29974,29973,29975,29976,29975,29976,29976,29978,29978,29979,29967,1889,2413,2397,29970,29973,29973,29974,29984,29985,29985,29982,29982,29972,29984,29985,29987,29988,29989,29990,29991,29981,29981,29982,29983,29984,29989,29983,29983,29984,29985,29983,29988,29988]} 1. d4 Nf6 2. c4 e6 3. Nf3 Bb4+ 4. Bd2 a5 5. e3 b6 6. Be2 {E11: Bogo-Indian} (6. Bd3 Bb7 7. O-O O-O 8. Nc3 d6 9. Rc1 Nbd7 10. Qe2 Bxc3 11. Bxc3 Ne4 12. Nd2 f5 13. Bxe4 fxe4 14. Qg4 Rf6 15. Nxe4 Rg6 16. Qf3 {1-0 (35) Anton Guijarro,D (2652)-Forcen Esteban,D (2569) Linares 2018}) 6... Bb7 {LiveBook: 3 Games} 7. O-O Ne4 8. Qc2 $146 {The position is equal.} ({Predecessor:} 8. a3 Be7 9. Nc3 O-O 10. Rc1 d6 11. Ne1 Nd7 12. Nxe4 Bxe4 13. f3 Bb7 {½-½ (21) Vagner,L (2016)-Hujo,J (2138) Tatranske Zruby 2009}) 8... O-O 9. Bxb4 (9. a3 {feels hotter.} Be7 10. Rd1 f5 11. Nc3 Bf6 12. Bd3) 9... axb4 10. Nbd2 {[%cal Bb1d2,Bd2b3,Bb3d4][%mdl 32]} f5 11. Rfd1 d6 12. d5 Nc5 13. dxe6 Nxe6 14. Nb3 Be4 15. Qd2 Na6 16. Nbd4 $36 {[%mdl 2048] White is pushing.} Nec5 17. a3 b3 18. Qc3 Qf6 19. Rdc1 Bc2 20. Qe1 Na4 $2 (20... Be4 $11) 21. Nxc2 $16 bxc2 22. b4 $1 ({But not} 22. Rxc2 $6 Nxb2 23. Nd4 Na4 $11) 22... Nc3 23. Nd4 ({Stronger than} 23. Rxc2 Nxe2+ 24. Rxe2 Nxb4 $15) 23... Nxe2+ 24. Qxe2 f4 25. Nxc2 fxe3 26. Qxe3 Rae8 27. Qd2 Re5 28. Re1 {[%cal Bc1e1,Be1e2,Be2e4][%mdl 32]} Rf5 {[%cal Rf5f2]} 29. Re2 Nb8 30. Rae1 Nd7 {[#]} 31. Nd4 $1 {[%cal Rd4f5,Bc2d4,Bd4e6,Be6f4,Bf4d5][%mdl 32]} Rh5 $2 {[#]} (31... Re5 $16) 32. Ne6 $1 $18 {[%cal Re6f8]} Qh4 33. h3 Rc8 34. Re4 Qf6 35. Nf4 Re5 36. Nd5 Qf7 (36... Qd8 $142 37. Qd4 Kh8 38. Rxe5 dxe5) 37. f4 Rxe4 38. Rxe4 {Threatens to win with Ne7+.} Kh8 39. Re7 Qf5 40. Qe1 Nf6 41. Rf7 Qd3 $2 (41... Rb8 42. Nxf6 (42. Rxc7 Nxd5 43. cxd5 Qxd5 $18) 42... gxf6) 42. Nxf6 gxf6 {[%mdl 4096] Endgame KQR-KQR} 43. Qe7 Qg6 44. Rf8+ Rxf8 45. Qxf8+ {KQ-KQ} Qg8 46. Qxf6+ Qg7 47. Qd8+ Qg8 48. Qxc7 (48. Qxg8+ $142 Kxg8 49. a4 Kg7 50. a5 bxa5 51. bxa5 Kg6 52. a6 Kf5 53. a7) 48... Qf8 49. Qxb6 Qxf4 50. Qf2 {White mates.} Qc1+ 51. Kh2 {[%cal Rf2f8]} Qh6 52. Qf7 d5 53. Qe8+ Kg7 54. Qe5+ Kf8 55. cxd5 {[%cal Bc4d5,Bd5d6][%mdl 32]} Qc1 56. d6 Qd2 57. b5 h5 58. Qh8+ Kf7 59. Qxh5+ Kf6 60. Qh4+ Kf5 61. Qg4+ Kf6 62. Qg3 Ke6 63. a4 Qb4 64. Qg4+ {Accuracy: White = 63%, Black = 30%.} 1-0

[Event "11th American Continental Women 2018"]
[Site "Envigado"]
[Date "2018.11.18"]
[Round "3.4"]
[White "Miranda Rodriguez, Tania"]
[Black "Gonzalez Ochoa, Yoana"]
[Result "1/2-1/2"]
[WhiteElo "2246"]
[BlackElo "2058"]
[Annotator "TA"]
[PlyCount "149"]
[EventDate "2018.11.17"]
[EventType "swiss"]
[EventRounds "9"]
[EventCountry "COL"]
[SourceTitle "playchess.com"]
[Source "ChessBase"]
[SourceQuality "1"]

{[%evp 25,149,0,35,-20,-10,-24,36,40,49,49,87,49,56,46,59,49,54,35,55,28,29,18,15,0,77,65,76,37,35,31,34,-100,-27,-27,-16,-127,-108,-136,-104,-98,-86,-85,-9,-18,79,-10,-20,-11,2,5,8,0,0,-126,-113,-113,-113,-114,-114,-114,-114,-114,-114,-114,-111,-114,-115,-115,-118,-135,-132,-164,-160,-160,-160,-160,-169,-277,-233,-230,-31,-31,-31,-27,-22,-22,0,0,0,0,0,-8,-6,-20,-8,-8,-8,-64,-64,-228,-64,-64,-64,-64,-64,-64,-8,-54,-8,-8,-8,-8,-8,-8,-8,-8,-8,-253,-253,-256,-8,-8,-8,-8,-8,-8]} 1. e4 e5 2. Nf3 Nc6 3. Bb5 a6 4. Ba4 Nf6 5. O-O Be7 6. Re1 b5 7. Bb3 d6 8. c3 O-O 9. h3 Nb8 10. d4 Nbd7 11. Nbd2 c5 12. Nf1 {C95: Closed Ruy Lopez: Breyer Variation with 10 d4} Re8 13. Bc2 Bf8 {[#] LiveBook: 4 Games} (13... Bb7 14. d5 c4 15. b3 Qc7 16. Bb2 a5 17. Qe2 Ba6 18. bxc4 bxc4 19. Ba4 Rec8 {1-0 (60) Miranda Rodriguez,T (2187)-Gonzalez Ochoa,Y (2090) Santa Clara 2018}) 14. b3 $146 ({White should try} 14. d5 $14) ({Predecessor:} 14. Ng3 cxd4 15. cxd4 exd4 16. Nxd4 d5 17. exd5 Rxe1+ 18. Qxe1 Bb7 19. Ngf5 Bxd5 {½-½ (64) Granda Zuniga,J (2699)-Schroeder,J (2507) Helsingor 2016}) 14... cxd4 $11 15. cxd4 Bb7 (15... exd4 $11 16. Ng3 (16. Nxd4 Bb7 $11) (16. Qxd4 Ne5 $11) 16... Bb7) 16. d5 $14 Rc8 17. Bd2 Nc5 18. Ng3 g6 19. Rc1 Be7 20. Re3 h5 21. Qe1 Bf8 22. Ba5 Qe7 23. Rc3 Bh6 24. Nd2 {[#]} h4 (24... Bxd5 $1 $11 {[%mdl 512]} 25. exd5 Nxd5) 25. Ngf1 $16 Nh5 26. b4 Nd7 27. Bd1 Nf4 $1 {[%cal Rf4d3] Hoping for ...Nd3!} 28. Bg4 {[#]} (28. Bf3 $14) 28... Rxc3 (28... f5 $1 $17 {[%cal Rf5g4][%mdl 512]} 29. exf5 Rxc3 30. Rxc3 Nxd5) 29. Rxc3 $11 {Strongly threatening Rc7.} f5 $1 {[%cal Rf5g4]} 30. exf5 (30. Bf3 $11) 30... Nxd5 $17 31. Rc2 N7f6 $1 32. fxg6 Nxg4 33. hxg4 Qg5 (33... Qg7 $17) 34. Qe4 $11 Ba8 (34... Rf8 $11 35. Nf3 Qf4 36. Qxf4 Rxf4 37. Nxh4 Rc4 38. Rxc4 bxc4) 35. Qf5 (35. Nf3 $16 Nf6 36. Nxg5 Bxe4 37. Nxe4 Nxe4 38. f3) 35... Qxf5 36. gxf5 Nf4 37. Ne3 Ne2+ 38. Kf1 Nd4 39. f6 (39. Rc7 $1 $11 {keeps the balance.} Rf8 40. f6 {[%mdl 64] Decoy} Rxf6 41. Ng4 Bxg2+ 42. Kg1 Rxg6 43. Nxh6+ Kh8 44. Nf7+ Kg8 45. Nh6+ Kh8 46. Nf7+ Kg8 47. Nh6+) 39... Nxc2 $17 {[%mdl 64] Pin} 40. f7+ Kf8 41. fxe8=Q+ Kxe8 42. Nxc2 {Threatens to win with Ne3.} Bxd2 {[%mdl 4096] Endgame KBB-KBN} 43. Ne3 {[#]} Be4 $1 44. Ke2 Bc3 45. g7 Kf7 {And now ...Bxg2! would win.} 46. f3 Bb1 47. Nd5 Bd4 48. Nf6 Kxg7 49. Ne8+ Kf7 50. Nxd6+ {[#]} Ke6 $1 {[%cal Re6d6]} 51. Ne8 (51. Ne4 {keeps fighting.}) 51... Bxa2 52. Nc7+ Kd7 $2 ({Black should play} 52... Kf5 $19 53. Nxa6 Bc4+ 54. Kd1 Kf4) 53. Nxa6 $15 Bc4+ 54. Ke1 $1 Ke7 55. Nc5 Kf7 56. Ne4 Kg6 57. Bd8 Bd3 58. Be7 Kf5 59. Kd2 Bxe4 60. fxe4+ $11 {KB-KB} Kg4 {Threatening ...Kg3.} 61. Ke2 (61. Bc5 $1 $11 Bb2 62. Bf2) 61... Kg3 $15 62. Kf1 $2 (62. Bf6 $15) 62... Bc3 $2 (62... Bb2 $19 63. Ke2 Bc3) 63. Ke2 $1 Kxg2 {...h3 is the strong threat.} 64. Bxh4 Bxb4 65. Bf2 Bc3 (65... Be7 $15) 66. Bb6 b4 {[%cal Bb5b4,Bb4b3][%mdl 32]} 67. Kd3 Kf3 68. Bc5 Be1 69. Bd6 Kf4 70. Bf8 b3 {aiming for ...b2.} 71. Bh6+ $2 (71. Ba3 $11 {and White stays safe.}) 71... Kf3 $19 72. Bc1 Bb4 $2 (72... Bf2 $19 73. Kc4 Kxe4) 73. Kc4 $11 {[#]The position is equal.} Bd2 $1 {[%mdl 512]} 74. Bb2 (74. Bxd2 b2) 74... Kxe4 75. Kxb3 {Accuracy: White = 34%, Black = 39%.} 1/2-1/2

[Event "11th American Continental Women 2018"]
[Site "Envigado"]
[Date "2018.11.18"]
[Round "3.5"]
[White "Roca Rojas, Ana Flavia"]
[Black "Perez Rodriguez, Jennifer"]
[Result "1/2-1/2"]
[WhiteElo "2132"]
[BlackElo "2203"]
[Annotator "TA"]
[PlyCount "153"]
[EventDate "2018.11.17"]
[EventType "swiss"]
[EventRounds "9"]
[EventCountry "COL"]
[SourceTitle "playchess.com"]
[Source "ChessBase"]
[SourceQuality "1"]

{[%evp 11,153,8,10,22,6,0,2,0,43,4,20,-6,-5,0,0,-2,2,-31,-32,-71,-72,-69,-68,-87,-57,-74,-84,-116,-116,-112,-104,-183,-183,-179,-159,-149,-138,-148,-146,-136,-138,-152,-139,-174,-182,-198,-192,-188,-166,-170,-174,-155,-121,-121,-121,-102,-102,-102,-100,-183,-175,-208,-200,-220,-220,-137,-136,-229,-229,-322,-322,-322,-322,-873,-795,-732,-322,-924,-322,-322,-322,-322,-322,-322,-322,-322,-322,-3686,-3608,-2755,-1963,-29964,-29965,-29965,-29965,-29966,-29967,-29967,-29967,-29970,-29971,-29971,-29972,-29984,-29972,-29985,-29973,-29985,-29976,-29978,-29979,-29978,-29979,-29977,-171,-171,-170,-170,-170,-170,-170,-211,-211,-211,-162,-162,-162,-162,-162,-162,-162,-211,-211,-211,-162,-211,-211,-211,-211,-211,-211,-211,-189,-189]} 1. e4 e5 2. Bc4 Nf6 3. d3 Nc6 4. Nc3 Na5 5. Nge2 Nxc4 6. dxc4 d6 {LiveBook: 64 Games} 7. h3 {C28: Vienna Game: 2...Nf6 3 Bc4 Nc6} Be6 8. Qd3 (8. b3 Be7 9. O-O a6 10. f4 b5 11. Qd3 bxc4 12. bxc4 c6 13. f5 Bc8 14. g4 a5 {½-½ (38) Jaracz,P (2558)-Naiditsch,A (2707) Germany 2011}) 8... Nd7 9. b3 {The position is equal.} Nc5 $146 ({Predecessor:} 9... g6 10. Be3 Bg7 11. Qd2 O-O 12. g4 Re8 13. O-O-O Nc5 14. f3 a5 15. a4 Re7 16. Bxc5 {1-0 (16) Van de Wynkele,H (1985)-Appelt,G (2011) Radebeul 2016}) 10. Qf3 g6 11. Bb2 Bg7 12. O-O-O Qg5+ 13. Kb1 O-O-O 14. g4 h5 {[%cal Rh5g4]} 15. Rhg1 hxg4 16. hxg4 Rh2 17. Rg3 Rdh8 18. Bc1 Qf6 19. Qxf6 Bxf6 20. g5 Bd8 21. f3 (21. Be3 $17) 21... R8h3 $19 22. Rdg1 Rxg3 23. Rxg3 Rh3 24. Nd5 Rxg3 25. Nxg3 Bh3 26. f4 Bg2 27. fxe5 dxe5 28. Bb2 Bxg5 29. Bxe5 c6 30. Nc3 Bd2 31. Kb2 Bxc3+ 32. Kxc3 Nxe4+ 33. Kd4 Nxg3 34. Bxg3 $17 {[%mdl 4096] Endgame KB-KB} f6 $1 35. b4 (35. Kc5 $17) 35... Kd7 36. b5 g5 37. a4 {[#]} Bf1 $1 38. Bb8 a6 39. bxa6 (39. b6 $17) 39... bxa6 $19 40. a5 (40. Ba7 $142) 40... Ke6 41. Bc7 Kf5 42. Bd8 $2 (42. Kc5 Kg4 43. Kxc6) 42... Kg6 43. Kc5 f5 44. Kxc6 $2 (44. Kd4) 44... Bxc4 $2 (44... f4 45. Bc7 Bxc4) 45. Kc5 Be2 46. Kd4 f4 47. Ke5 Kh5 48. Kf5 Bg4+ 49. Ke4 $2 (49. Kf6) 49... Bd7 50. Be7 Kg4 51. Kd3 Kf5 52. Ke2 g4 {[%cal Bg5g4,Bg4g3][%mdl 32]} 53. Bh4 Bc6 54. Kf2 Kg6 55. c3 Kh5 56. Be7 g3+ 57. Kg1 Kg4 58. Bc5 f3 59. Bb6 Kf5 60. c4 Ke4 61. Ba7 Kd3 62. Kf1 Kxc4 $2 (62... Bd7 {mates} 63. Ke1 Kxc4 64. Kf1 Kb4 65. Bb6 f2 66. Bxf2 gxf2 67. Kg2 Kxa5 68. Kxf2 Kb4 69. Ke2 a5 70. Kd2 Kb3 71. Kc1 Bf5 72. Kd2 a4 73. Ke3 a3 74. Kf4 Bc8 75. Kg5 a2 76. Kf6 a1=Q+ 77. Kf7 Qe5 78. Kg6 Be6 79. Kh6 Qf6+ 80. Kh7 Qg5 81. Kh8 Qh6#) 63. Bb8 {Black is clearly better.} Kb5 64. Bxg3 Kxa5 65. Ke1 Kb4 {...a5 is the strong threat.} 66. Bd6+ Ka4 67. Kd2 Kb3 {Hoping for ...a5.} 68. Bc7 Bb5 {( -> ...f2)} 69. Ke3 {[#]} Be2 $1 70. Kd2 Kb4 71. Bb6 a5 {[%cal Ba6a5,Ba5a4,Ba4a3,Ba3a2][%mdl 32]} 72. Kc2 Ka3 73. Kb1 a4 74. Ka1 Kb3 75. Ba7 a3 76. Bb6 a2 77. Ba7 {Accuracy: White = 34%, Black = 80%.} 1/2-1/2

[Event "11th American Continental Women 2018"]
[Site "Envigado"]
[Date "2018.11.18"]
[Round "3.6"]
[White "Fernandez, Maria Florencia"]
[Black "Chirivi C, Jenny Astrid"]
[Result "1-0"]
[WhiteElo "2198"]
[BlackElo "2118"]
[Annotator "TA"]
[PlyCount "83"]
[EventDate "2018.11.17"]
[EventType "swiss"]
[EventRounds "9"]
[EventCountry "COL"]
[SourceTitle "playchess.com"]
[Source "ChessBase"]
[SourceQuality "1"]

{[%evp 20,83,12,0,61,61,54,52,51,47,62,45,83,74,77,-37,-42,-35,-35,-43,-39,-35,-55,-33,0,0,0,-25,-14,-54,81,67,56,53,179,214,190,149,233,228,236,235,262,255,285,121,403,406,405,402,402,402,404,397,609,609,564,416,662,648,797,685,3239,2803,29979,29980]} 1. d4 d5 2. c4 c6 3. Nc3 Nf6 4. Nf3 dxc4 5. a4 Bf5 6. e3 e6 7. Bxc4 Bb4 8. O-O Nbd7 9. Qe2 Bg6 10. Rd1 O-O 11. Bd3 Re8 {D19: Slav Defence: 5 a4 Bf5 6 e3: Main line with 9 Qe2} (11... Bxd3 $11 12. Qxd3 Qe7) (11... Bxd3 12. Rxd3 Qe7 13. e4 e5 14. Bg5 exd4 15. Rxd4 Bc5 16. Rd2 Ne5 17. Rad1 Rae8 18. Nd4 h6 19. Nf5 Qe6 20. Be3 Bxe3 21. Nxe3 {½-½ (45) Melkumyan,H (2678)-Bluebaum,M (2530) Bad Wiessee 2014}) 12. Bxg6 $14 hxg6 13. e4 {[%cal Be3e4,Be4e5][%mdl 32]} Qa5 {White is slightly better.} 14. e5 Nd5 $146 ({Predecessor:} 14... Ng4 15. Ne4 Bf8 16. Bd2 Qc7 17. b4 f6 18. h3 Nh6 19. Bxh6 gxh6 20. exf6 {1-0 (42) Nakagori,K (2136)-Kimende,R (2179) Turin 2006}) 15. Ne4 Re7 16. Bg5 f6 17. Nh4 (17. Be3 $16) 17... fxg5 $15 18. Nxg6 Nf4 19. Nxe7+ Bxe7 20. Qg4 $1 {Black must now prevent g3.} Qd5 21. Nc3 $1 {[%cal Rc3d5]} Qb3 22. g3 Ng6 23. h4 {[%cal Bh2h4,Bh4h5,Bh5h6][%mdl 32]} Rf8 24. h5 Ngxe5 (24... Nh8 $1 $15) 25. dxe5 $16 Nxe5 26. Qe2 $1 {[%cal Re2e5]} Nf3+ {[#]} (26... Rf5 $1 $14) 27. Kg2 $1 $18 {Rd3 is the strong threat.} g4 {[#]} 28. h6 $1 $36 {[%mdl 2560] White has strong initiative.} e5 (28... gxh6 $16 29. Rd7 Rf7) 29. Rd7 Qe6 30. Rxb7 gxh6 31. Rd1 ({Not} 31. Rxa7 Bc5 $16) 31... Rf7 32. b3 (32. Qd3 $18 {and White stays clearly on top.}) 32... h5 $2 {[%mdl 8192]} (32... Qf5 $16 {was worth a try.}) 33. Qc4 Qxc4 34. bxc4 Bc5 35. Rdd7 Rxd7 36. Rxd7 {[%mdl 4096] Endgame KRN-KBN} h4 (36... Bb4 $142 37. Ne4 Ne1+ 38. Kf1 a5 39. Nf6+ Kf8 40. Nxh5 e4) 37. gxh4 Nxh4+ 38. Kf1 Bd4 (38... Bb4 $142 39. Ne4 (39. Rxa7 Bxc3 40. a5 Nf3 $18) 39... a5 40. Nf6+ Kf8 41. Nxg4 Ng6) 39. Ne4 Nf3 40. c5 Kf8 41. Rxa7 Ba1 42. a5 {Accuracy: White = 62%, Black = 22%.} 1-0